Statistics for All 25k+ cities in Europe starting with C on a Map

Click here to take the quiz!

General Stats

  • This quiz has been taken 259 times
    (231 since last reset)
  • The average score is 58 of 258

Answers on the Map

Answers color-coded by a green-red scale on the quiz's map according to % correct below.
 

Answer Stats

CountryPopulationCity% Correct
Germany1,087,863Cologne
99%
Denmark1,330,993Copenhagen
99%
Ireland125,622Cork
95%
Moldova532,513Chișinău
92%
United Kingdom354,178Cardiff
86%
Romania324,576Cluj-Napoca
81%
France72,929Calais
80%
Italy296,266Catania
78%
Italy151,005Cagliari
77%
Spain326,039Córdoba
77%
United Kingdom382,073Coventry
77%
United Kingdom148,861Cambridge
73%
France73,965Cannes
73%
Belgium202,746Charleroi
73%
France105,512Caen
72%
United Kingdom87,983Chester
72%
United Kingdom37,683Chester-le-Street
72%
France79,144Cherbourg-en-Cotentin
66%
Germany246,334Chemnitz
65%
Romania283,872Constanța
65%
France146,734Clermont-Ferrand
63%
Portugal105,842Coimbra
62%
United Kingdom138,131Colchester
62%
Spain115,439Cádiz
60%
United Kingdom63,637Canterbury
58%
Poland61,932Chełm
57%
Spain216,108Cartagena
52%
United Kingdom117,073Cheltenham
52%
Italy85,543Como
52%
United Kingdom74,889Carlisle
50%
France68,703Colmar
50%
Germany99,678Cottbus
50%
United Kingdom89,469Chesterfield
49%
Romania269,506Craiova
49%
United Kingdom118,759Chelmsford
48%
Poland220,433Częstochowa
47%
Spain174,264Castellón de la Plana
44%
Greece88,525Chanía
44%
Italy72,399Cremona
44%
United Kingdom112,198Crawley
41%
Germany69,540Celle
38%
United Kingdom31,730Chichester
38%
France46,513Carcassonne
37%
Italy97,465Cesena
37%
Italy87,397Catanzaro
36%
France58,833Chambéry
36%
Czechia31,977Cheb
36%
Italy61,005Crotone
36%
Czechia94,463České Budějovice
35%
Italy65,623Cosenza
35%
Germany48,164Cuxhaven
34%
France38,426Chartres
33%
Italy73,984Caserta
31%
Ukraine286,899Chernihiv
31%
Switzerland35,470Chur
31%
United Kingdom74,949Crewe
31%
Spain96,255Cáceres
30%
Italy61,314Carrara
30%
Italy56,311Cuneo
30%
France66,322Cergy
29%
Germany41,072Coburg
29%
Ukraine267,060Chernivtsi
28%
Italy51,690Civitavecchia
27%
France92,265Créteil
27%
Italy72,369Carpi
26%
Slovenia37,872Celje
26%
Ukraine274,762Cherkasy
26%
Greece35,479Chíos
26%
Poland107,807Chorzów
26%
Spain75,504Ciudad Real
26%
Italy60,294Caltanissetta
24%
Turkey288,692Çorlu
24%
Spain54,621Cuenca
24%
Germany73,343Castrop-Rauxel
23%
United Kingdom35,469Chippenham
23%
France54,186Cholet
23%
Germany35,451Cloppenburg
23%
United Kingdom41,986Caerphilly
22%
France51,411Cagnes-sur-Mer
22%
United Kingdom53,768Clacton-on-Sea
22%
Italy48,337Campobasso
21%
France44,810Chalon-sur-Saône
21%
France46,391Charleville-Mézières
21%
Russia (Chuvashia)497,618Cheboksary
21%
Spain85,150Chiclana de la Frontera
21%
Italy50,287Chieti
21%
Italy34,504Crema
21%
United Kingdom50,120Cumbernauld
21%
France43,442Châteauroux
20%
United Kingdom80,820Chatham
20%
United Kingdom44,100Coatbridge
20%
Germany36,257Coesfeld
20%
France40,542Compiègne
20%
United Kingdom61,740Corby
20%
Serbia73,331Čačak
19%
France32,501Cambrai
19%
Spain67,460Castelldefels
19%
France44,246Châlons-en-Champagne
19%
Russia314,834Cherepovets
19%
Czechia48,635Chomutov
19%
United Kingdom25,490Coleraine
19%
Spain89,936Cornellà de Llobregat
19%
France41,795Castres
17%
Italy51,101Cava de' Tirreni
17%
United Kingdom38,958Chorley
17%
United Kingdom56,779Christchurch
17%
Italy75,126Corigliano Calabro
17%
Spain81,391Coslada
17%
United Kingdom71,020Craigavon
17%
Germany34,536Crailsheim
17%
Spain51,710Calvià
16%
United Kingdom70,724Cannock
16%
United Kingdom27,540Carrickfergus
16%
Italy74,949Casoria
16%
Turkey125,461Çerkezköy
16%
Italy48,435Chioggia
16%
France52,926Clamart
16%
France62,485Clichy
16%
France28,992Clichy-sous-Bois
16%
France86,052Colombes
16%
Italy35,065Conegliano
16%
France50,954Corbeil-Essonnes
16%
United Kingdom38,849Canvey Island
15%
France77,039Champigny-sur-Marne
15%
Spain30,588Ciutadella de Menorca
15%
United Kingdom50,193Crosby
15%
United Kingdom48,287Cwmbran
15%
Italy46,122Campi Bisenzio
14%
Italy64,466Castellammare di Stabia
14%
France31,733Châtellerault
14%
Russia (Karachay-Cherkessia)123,168Cherkessk
14%
United Kingdom38,562Cleethorpes
14%
United Kingdom25,890Clydebank
14%
United Kingdom28,233Colwyn Bay
14%
Romania65,181Călărași
13%
Spain34,734Cambrils
13%
France28,798Carpentras
13%
Italy36,201Cassino
13%
Spain57,855Cerdanyola del Vallès
13%
Italy55,324Cerignola
13%
Italy26,078Cesenatico
13%
Italy36,413Chieri
13%
Italy74,142Cinisello Balsamo
13%
Italy38,650Città di Castello
13%
United Kingdom37,300Coalville
13%
France82,198Courbevoie
13%
United Kingdom29,900Cambuslang
12%
Italy33,596Casale Monferrato
12%
Italy37,244Cerveteri
12%
Czechia37,525Česka Lípa
12%
Greece74,192Chalándri
12%
Greece74,564Chalkís
12%
France55,148Chelles
12%
Poland36,575Chrzanów
12%
France39,097Colomiers
12%
France35,800Creil
12%
Italy37,226Caivano
10%
Italy36,151Caltagirone
10%
Italy31,543Camaiore
10%
Italy45,497Capannori
10%
United Kingdom50,815Carlton
10%
Italy36,267Casalecchio di Reno
10%
Italy32,983Castelfranco Emilia
10%
Italy33,459Castelfranco Veneto
10%
Portugal34,278Castelo Branco
10%
United Kingdom43,625Castleford
10%
France26,198Cavaillon
10%
Belgium35,668Châtelet
10%
Ukraine65,871Chervonohrad
10%
United Kingdom47,124Cheshunt
10%
Italy27,465Chiavari
10%
Ukraine58,934Chornomorsk
10%
Italy38,250Ciampino
10%
Poland34,424Cieszyn
10%
Italy35,700Cisterna di Latina
10%
Italy42,167Civitanova Marche
10%
Spain64,378Collado Villalba
10%
Italy49,539Collegno
10%
United Kingdom26,380Congleton
10%
United Kingdom27,384Cramlington
10%
Netherlands27,185Culemborg
10%
Spain30,685Culleredo
10%
Moldova28,763Cahul
9%
Spain27,560Camas
9%
United Kingdom39,850Camberley
9%
Italy34,697Canicattì
9%
Italy39,790Cantù
9%
Spain31,429Carballo
9%
Italy38,333Carini
9%
Spain28,834Carmona
9%
Italy30,540Castelvetrano
9%
Spain32,270Castro-Urdiales
9%
Hungary35,545Cegléd
9%
Italy35,540Cento
9%
Italy38,060Cesano Maderno
9%
Russia35,398Chernyakhovsk
9%
Italy26,730Chivasso
9%
France46,154Choisy-le-Roi
9%
Poland39,804Chojnice
9%
Poland44,138Ciechanów
9%
Italy47,000Cologno Monzese
9%
Italy47,550Corato
9%
Belgium31,197Courcelles
9%
Spain27,601Calafell
8%
France42,847Caluire-et-Cuire
8%
Romania32,935Câmpina
8%
Italy28,485Carmagnola
8%
Italy47,716Casalnuovo di Napoli
8%
Italy44,765Cascina
8%
Turkey47,162Çatalca
8%
France25,292Cenon
8%
Italy34,828Cernusco sul Naviglio
8%
Italy28,555Cervia
8%
France34,170Châtenay-Malabry
8%
Spain35,283Cieza
8%
Spain51,938Colmenar Viejo
8%
United Kingdom25,812Consett
8%
Spain29,536Crevillent
8%
Poland35,925Czechowice-Dziedzice
8%
Poland31,405Czeladź
8%
Poland28,134Czerwionka-Leszczyny
8%
Portugal27,652Caldas da Rainha
7%
Spain26,582Cangas
7%
Italy28,973Canosa di Puglia
7%
Spain25,688Caravaca de la Cruz
7%
Italy26,813Carbonia
7%
Italy26,174Castel Volturno
7%
Spain28,608Catarroja
7%
United Kingdom36,208Chadderton
7%
Greece45,642Chaidari
7%
France30,053Charenton-le-Pont
7%
France37,010Châtillon
7%
France30,330Chatou
7%
Ukraine31,861Chuhuiv
7%
Italy30,509Comiso
7%
Italy33,669Corsico
7%
Portugal34,481Covilhã
7%
France30,884Cachan
6%
Spain30,320Camargo
6%
Romania31,767Câmpulung
6%
Romania30,954Caracal
6%
Spain26,738Cártama
6%
Italy27,892Cecina
6%
France25,610Champs-sur-Marne
6%
United Kingdom25,394Cheadle Hulme
6%
France35,656Conflans-Sainte-Honorine
6%
Italy25,883Conversano
6%
Italy25,292Correggio
6%
Romania27,359Curtea de Argeș
6%
Russia (Perm)82,382Chaykovsky
5%
Russia72,321Chekhov
5%
Ukraine28,686Chortkiv
5%
Spain30,908Coria del Río
5%
Russia (Samara)71,720Chapayevsk
3%
Russia (Perm)33,127Chernushka
3%
Spain25,104Ciempozuelos
3%
Russia (Tatarstan)59,446Chistopol
2%
Russia (Perm)43,737Chusovoy
1%

Score Distribution

Percentile by Number Answered

Percent of People with Each Score

Your Score History

You have not taken this quiz since the last reset